| Tag |
First Indicator |
Second Indicator |
Subfields |
| LEADER |
00000cam a2200000Ia 4500 |
| 001 |
in00002456821 |
| 005 |
20210727073938.0 |
| 006 |
m d |
| 007 |
cr cn||||||||| |
| 008 |
080226s2006 txua sb 001 0 eng d |
| 020 |
|
|
|a 0387336508
|
| 020 |
|
|
|a 9780387336503
|
| 035 |
|
|
|a (OCoLC)209924323
|
| 035 |
|
|
|a (OCoLC)ocn209924323
|
| 035 |
|
|
|a 3066791
|
| 037 |
|
|
|a 978-0-387-33649-7
|b Springer
|n http://www.springerlink.com
|
| 040 |
|
|
|a GW5XE
|c GW5XE
|d OCLCG
|d UtOrBLW
|
| 049 |
|
|
|a TEFA
|
| 050 |
1 |
4 |
|a RD94
|b .C43 2006eb
|
| 060 |
1 |
4 |
|a 2006 K-199
|
| 060 |
1 |
4 |
|a QZ 150
|b C462t 2006
|
| 082 |
0 |
4 |
|a 617.1/4
|2 22
|
| 100 |
1 |
|
|a Chaponnier, Christine.
|0 http://id.loc.gov/authorities/names/n2006180984
|
| 245 |
1 |
0 |
|a Tissue repair, contraction and the myofibroblast /
|c Christine Chaponnier, Alexis Desmoulière, Giulio Gabbiani.
|
| 264 |
|
1 |
|a Georgetown, Tex. :
|b Landes Bioscience/Eurekah.com ;
|a New York :
|b Springer Science+Business Media,
|c [2006]
|
| 264 |
|
4 |
|c ©2006
|
| 300 |
|
|
|a 141 pages :
|b illustrations (some color) ;
|c 24 cm.
|
| 336 |
|
|
|a text
|b txt
|2 rdacontent
|
| 337 |
|
|
|a computer
|b c
|2 rdamedia
|
| 338 |
|
|
|a online resource
|b cr
|2 rdacarrier
|
| 490 |
1 |
|
|a Biotechnology intelligence unit
|
| 500 |
|
|
|a Electronic resource.
|
| 504 |
|
|
|a Includes bibliographical references and index.
|
| 505 |
0 |
|
|a Cytomechanics in connective tissue repair and engineering / Robert A. Brown -- Scleroderma lung fibroblasts : contractility and connective tissue growth factor / Galina S. Bogatkevich ... [et al.] -- Functional assessment of fibroblast heterogeneity by the cell-surface glycoprotein thy-1 / Carolyn J. Baglole ... [et al.] -- Tissue repair in asthma : the origin of airway subepithelial fibroblasts and myofibroblasts / Sabrina Mattoli -- Experimental models to study the origin and role of myofibroblasts in renal fibrosis / Michael Zeisberg, Mary A. Soubasakos and Raghu Kalluri -- Epithelial to mesenchymal transition of mesothelial cells as a mechanism responsible for peritoneal membrane failure in peritoneal dialysis patients / Abelardo Aguilera ... [et al.] --
|
| 505 |
0 |
|
|a FIZZy alveolar epithelial cells induce myofibroblast differentiation / Sem H. Phan -- Pro-invasive molecular cross-signaling between cancer cells and myofibroblasts / Olivier De Wever and Marc Mareel -- Proangiogenic implications of hepatic stellate cell transdifferentiation into myofibroblasts induced by tumor microenvironment / Elvira Olaso ... [et al.] -- Matrix metalloproteinases, tissue inhibitors of metalloproteinase and matrix turnover and the fate of hepatic stellate cells / Aqeel M. Jamil and John P. Iredale -- Innate immune regulation of lung injury and repair / Dianhua Jiang ... [et al.] -- An eye on repair : myofibroblasts in corneal wounds / James V. Jester.
|
| 533 |
|
|
|a Electronic reproduction.
|b New York :
|c Springer,
|d 2008.
|n Mode of access: World Wide Web.
|n System requirements: Web browser.
|n Title from title screen (viewed on Jan. 30, 2008).
|n Access may be restricted to users at subscribing institutions.
|
| 650 |
1 |
2 |
|a Wound Healing
|x physiology.
|0 https://id.nlm.nih.gov/mesh/D014945Q000502
|
| 650 |
2 |
2 |
|a Extracellular Matrix
|x metabolism.
|0 https://id.nlm.nih.gov/mesh/D005109Q000378
|
| 650 |
2 |
2 |
|a Fibroblasts
|x pathology.
|0 https://id.nlm.nih.gov/mesh/D005347Q000473
|
| 650 |
2 |
2 |
|a Fibrosis
|x physiopathology.
|0 https://id.nlm.nih.gov/mesh/D005355Q000503
|
| 650 |
|
0 |
|a Myofibroblasts.
|0 http://id.loc.gov/authorities/subjects/sh99001909
|
| 650 |
|
0 |
|a Regeneration (Biology)
|0 http://id.loc.gov/authorities/subjects/sh85112343
|
| 650 |
|
0 |
|a Wound healing.
|0 http://id.loc.gov/authorities/subjects/sh85148581
|
| 655 |
|
7 |
|a Electronic books.
|2 local
|
| 700 |
1 |
|
|a Desmoulière, A.
|q (Alexis),
|d 1957-
|0 http://id.loc.gov/authorities/names/n99800189
|
| 700 |
1 |
|
|a Gabbiani, Giulio.
|0 http://id.loc.gov/authorities/names/n89623054
|
| 710 |
2 |
|
|a SpringerLink (Online service)
|0 http://id.loc.gov/authorities/names/no2005046756
|
| 776 |
1 |
|
|c Original
|z 0387336494
|z 9780387336497
|w (DLC) 2006008951
|w (OCoLC)65195267
|
| 830 |
|
0 |
|a Biotechnology intelligence unit.
|
| 856 |
4 |
0 |
|u http://proxy.library.tamu.edu/login?url=https://dx.doi.org/10.1007/0-387-33650-8
|z Connect to the full text of this electronic book
|t 0
|
| 856 |
4 |
2 |
|3 Publisher description
|u http://www.loc.gov/catdir/enhancements/fy0661/2006008951-d.html
|t 0
|
| 994 |
|
|
|a C0
|b TEF
|
| 999 |
|
|
|a MARS
|
| 999 |
f |
f |
|s cda33972-c377-31da-bb32-2b614f837e0c
|i 19215aed-b953-3643-a1d2-46028c146e72
|t 0
|
| 952 |
f |
f |
|a Texas A&M University
|b College Station
|c Electronic Resources
|d Available Online
|t 0
|e RD94 .C43 2006eb
|h Library of Congress classification
|
| 998 |
f |
f |
|a RD94 .C43 2006eb
|t 0
|l Available Online
|